Social psychology and human nature

You are a member of a social world on a planet containing about 7 billion people. This social world is filled with paradox, mystery, suspense, and outright absurdity. Explore how social psychology can help you make sense of your own social world with this engaging and accessible book. Roy F. Baumeis...

Descrición completa

Gardado en:
Detalles Bibliográficos
Autor Principal: Baumeister, Roy F.
Outros autores: Roy F. Baumeister; Brad J. Bushman
Idioma:Undetermined
English
Publicado: Belmont, CA Thomson Higher Education 2008
Những chủ đề:
Các nhãn: Engadir etiqueta
Sen Etiquetas, Sexa o primeiro en etiquetar este rexistro!
Thư viện lưu trữ: Trung tâm Học liệu Trường Đại học Trà Vinh
LEADER 01286nam a2200265Ia 4500
001 TVU_14821
008 210423s9999 xx 000 0 und d
020 |a 0534638325 
020 |a 9780534638320 
041 |a eng 
082 |a 302 
082 |b R435 
100 |a Baumeister, Roy F. 
245 0 |a Social psychology and human nature 
245 0 |c Roy F. Baumeister, Brad J. Bushman 
260 |a Belmont, CA 
260 |b Thomson Higher Education 
260 |c 2008 
300 |a 507, [152] p. 
300 |b ill. (some col.) 
300 |c 29 cm 
520 |a You are a member of a social world on a planet containing about 7 billion people. This social world is filled with paradox, mystery, suspense, and outright absurdity. Explore how social psychology can help you make sense of your own social world with this engaging and accessible book. Roy F. Baumeister and Brad J. Bushman?s SOCIAL PSYCHOLOGY AND HUMAN NATURE can help you make sense of the always fascinating and sometimes bizarre and baffling diversity of human behavior-and it?s also just plain interesting to learn about how and why people act the way they do 
650 |a Social psychology; Human behavior 
700 |a Roy F. Baumeister; Brad J. Bushman 
980 |a Trung tâm Học liệu Trường Đại học Trà Vinh